| 000 | 00636nac a22001811u 4500 | ||
|---|---|---|---|
| 020 | _a8121912482 | ||
| 082 |
_a332.678 _bB5752 |
||
| 090 |
_c1122 _d1122 |
||
| 100 | _aBhalla,V. K. | ||
| 245 |
_aInvestment management : Security analysis & POrt-folio management / _cV. K. Bhalla. |
||
| 250 | _a6th ed. | ||
| 260 |
_aNew Delhi : _bS Chand & Co., _c1999. |
||
| 300 |
_a1050 p. : _bDiagram, _c24 cm. |
||
| 500 | _aIncludes index. | ||
| 650 | _aInvestments. | ||
| 942 |
_cBB _k332.678B5752 |
||
| 999 |
_c1122 _d1122 |
||